00342nam a2200121Ia 4500008004100000041001200041082001100053100001800064245010300082260000600185650000600191700002300197221030s9999 xx 000 0 und d aEnglish a105.23 aJacob Millman 0aIntegrated Electronics : Analog & Digital Circuits & Systemscby Jacob Millman, Chaistos C. Halkis c0 aB aChaistos C. Halkis